Role of the government and structural changes in rubber plantation industry (Record no. 67219)

MARC details
000 -LEADER
fixed length control field 00354nam a2200121Ia 4500
100 ## - MAIN ENTRY--AUTHOR NAME
Personal name George K T
245 #0 - TITLE STATEMENT
Title Role of the government and structural changes in rubber plantation industry
260 ## - PUBLICATION, DISTRIBUTION, ETC. (IMPRINT)
Name of publisher Economic and Political Weekly
Year of publication 1988
700 ## - ADDED ENTRY--PERSONAL NAME
Personal name Haridasan V
700 ## - ADDED ENTRY--PERSONAL NAME
Personal name Sreekumar B
942 ## - ADDED ENTRY ELEMENTS (KOHA)
Koha item type Journals
Holdings
Withdrawn status Lost status Damaged status Not for loan Home library Current library Date acquired Serial Enumeration / chronology Koha item type
      Journals RRII Library RRII Library 17/12/2021 Volume, Issue 26-Nov Journals